00475nam a22001577a 450000500170000000800410001702000140005804100130007208200140008510000260009924500820012525000190020726000360022630000300026265000250029220240111070341.0231101b |||||||| |||| 00| 0 eng d a409045160 aEnglish  a346.7 NAT aNathan, CJM lEnglish aA Handbook on the Compulsory Motor Vehicle Insurance Act 1972 / cCJM Nathan  aFirst Edition  aDurban : bButterworths, c1973 bxvi, 170 pages ; c23 cm. aLegal practice bLaw